Mian Muhammad Ismail Manzar Ki Qoumi-o-Milli Shayree / (Record no. 524601)
[ view plain ]
| 000 -LEADER | |
|---|---|
| fixed length control field | 00561nam a22001817a 4500 |
| 003 - CONTROL NUMBER IDENTIFIER | |
| control field | NUST |
| 020 ## - INTERNATIONAL STANDARD BOOK NUMBER | |
| International Standard Book Number | 9789698082413 |
| 038 ## - RECORD CONTENT LICENSOR | |
| Staff Name | Zafar Malik |
| 082 ## - DEWEY DECIMAL CLASSIFICATION NUMBER | |
| Classification number | 890.9 |
| Author Mark | TOO |
| 100 ## - MAIN ENTRY--PERSONAL NAME | |
| Personal name | Tooba, Gul Rukh |
| 9 (RLIN) | 15405 |
| 245 ## - TITLE STATEMENT | |
| Title | Mian Muhammad Ismail Manzar Ki Qoumi-o-Milli Shayree / |
| Statement of responsibility, etc. | Gul Rukh Tooba |
| 260 ## - PUBLICATION, DISTRIBUTION, ETC. | |
| Place of publication, distribution, etc. | Lahore : |
| Name of publisher, distributor, etc. | Bazm-e-Maula Shah ; |
| Date of publication, distribution, etc. | 2010. |
| 300 ## - PHYSICAL DESCRIPTION | |
| Extent | 192 p. ; |
| 500 ## - GENERAL NOTE | |
| General note | Hardcover |
| 880 ## - ALTERNATE GRAPHIC REPRESENTATION | |
| Linkage | 100-02\r |
| Title | گل رخ طوبی |
| 880 ## - ALTERNATE GRAPHIC REPRESENTATION | |
| Linkage | 245-02\r |
| Title | میاں محمد اسماعیل منظر کی قومی و ملی شاعری |
| 942 ## - ADDED ENTRY ELEMENTS (KOHA) | |
| Source of classification or shelving scheme | |
| Koha item type | Book |
| Withdrawn status | Lost status | Source of classification or shelving scheme | Damaged status | Not for loan | Permanent Location | Current Location | Shelving location | Date acquired | Total Checkouts | Full call number | Barcode | Date last seen | Price effective from | Koha item type |
|---|---|---|---|---|---|---|---|---|---|---|---|---|---|---|
| Central Library (CL) | Central Library (CL) | Punjabi Literature | 06/24/2019 | 890.9 TOO | CL-E-1639 | 06/24/2019 | 06/24/2019 | Book |
